<?xml version="1.0" encoding="UTF-8"?><?xml-stylesheet type="text/xsl" href="static/style.xsl"?><OAI-PMH xmlns="http://www.openarchives.org/OAI/2.0/" xmlns:xsi="http://www.w3.org/2001/XMLSchema-instance" xsi:schemaLocation="http://www.openarchives.org/OAI/2.0/ http://www.openarchives.org/OAI/2.0/OAI-PMH.xsd"><responseDate>2026-04-13T16:56:00Z</responseDate><request verb="GetRecord" identifier="oai:www.recercat.cat:11351/12993" metadataPrefix="marc">https://recercat.cat/oai/request</request><GetRecord><record><header><identifier>oai:recercat.cat:11351/12993</identifier><datestamp>2025-10-24T10:32:04Z</datestamp><setSpec>com_2072_378070</setSpec><setSpec>com_2072_378040</setSpec><setSpec>col_2072_378092</setSpec></header><metadata><record xmlns="http://www.loc.gov/MARC21/slim" xmlns:dcterms="http://purl.org/dc/terms/" xmlns:xsi="http://www.w3.org/2001/XMLSchema-instance" xmlns:doc="http://www.lyncode.com/xoai" xsi:schemaLocation="http://www.loc.gov/MARC21/slim http://www.loc.gov/standards/marcxml/schema/MARC21slim.xsd">
   <leader>00925njm 22002777a 4500</leader>
   <datafield ind2=" " ind1=" " tag="042">
      <subfield code="a">dc</subfield>
   </datafield>
   <datafield ind2=" " ind1=" " tag="720">
      <subfield code="a">Quinn, Terry</subfield>
      <subfield code="e">author</subfield>
   </datafield>
   <datafield ind2=" " ind1=" " tag="720">
      <subfield code="a">Kitagawa, Kazuo</subfield>
      <subfield code="e">author</subfield>
   </datafield>
   <datafield ind2=" " ind1=" " tag="720">
      <subfield code="a">Leung, Thomas W</subfield>
      <subfield code="e">author</subfield>
   </datafield>
   <datafield ind2=" " ind1=" " tag="720">
      <subfield code="a">Molina Cateriano, Carlos</subfield>
      <subfield code="e">author</subfield>
   </datafield>
   <datafield ind2=" " ind1=" " tag="720">
      <subfield code="a">Rabinstein, Alejandro</subfield>
      <subfield code="e">author</subfield>
   </datafield>
   <datafield ind2=" " ind1=" " tag="720">
      <subfield code="a">Bentley, Roy</subfield>
      <subfield code="e">author</subfield>
   </datafield>
   <datafield ind2=" " ind1=" " tag="260">
      <subfield code="c">2025-04-25T10:19:44Z</subfield>
   </datafield>
   <datafield ind2=" " ind1=" " tag="260">
      <subfield code="c">2025-04-25T10:19:44Z</subfield>
   </datafield>
   <datafield ind2=" " ind1=" " tag="260">
      <subfield code="c">2025-01-17</subfield>
   </datafield>
   <datafield ind2=" " ind1=" " tag="520">
      <subfield code="a">Burden disease; Acute ischemic stroke</subfield>
   </datafield>
   <datafield ind2=" " ind1=" " tag="520">
      <subfield code="a">Càrrega de la malaltia; Ictus isquèmic agut</subfield>
   </datafield>
   <datafield ind2=" " ind1=" " tag="520">
      <subfield code="a">Carga de la enfermedad; Ictus isquémico agudo</subfield>
   </datafield>
   <datafield ind2=" " ind1=" " tag="520">
      <subfield code="a">Background: &#xd;
A vast amount of literature is available on the burden of acute ischemic stroke (AIS). Yet, most information on AIS burden does not stratify by stroke severity, and the inclusion of mild strokes (National Institute of Health Stroke Scale &lt; 5) might obscure the true impact of moderate-to-severe AIS. Therefore, it is important to understand the literature as it pertains to the epidemiological, clinical, humanistic, and economic burden of moderate-to-severe AIS from a global perspective.&#xd;
Methods: &#xd;
A systematic literature review (SLR) was conducted, including articles published between January 2015 and June 2023. The clinical burden search focused on patients with moderate or severe AIS. Due to the paucity of evidence, the humanistic and economic burdens were evaluated based on overall AIS studies. Abstract and full-text screening were conducted by 2 reviewers, with data extraction completed by 1 reviewer. In all, 136 studies were included in the SLR.&#xd;
Results: &#xd;
AIS caused a substantial burden for patients and the healthcare system. The clinical burden of AIS (specifically severe AIS) resulted in high mortality and worse functional outcomes across multiple demographics (female sex, older age, and patients with comorbidities). The economic burden of overall AIS was substantial, with inpatient costs as the primary driver (a mean or median stay of 7 days). The highest inpatient costs were reported in South Korea ($45,180) and the United States ($38,470).&#xd;
Conclusions: &#xd;
The review highlighted the huge burden of moderate-to-severe AIS, with patients experiencing worse outcomes with increased stroke severity. Further focus is needed on outcomes relating to moderate-to-severe AIS to fully understand the burden of stroke in this patient population.</subfield>
   </datafield>
   <datafield ind1="8" ind2=" " tag="024">
      <subfield code="a">http://hdl.handle.net/11351/12993</subfield>
   </datafield>
   <datafield tag="653" ind2=" " ind1=" ">
      <subfield code="a">Malalties cerebrovasculars - Aspectes econòmics</subfield>
   </datafield>
   <datafield tag="653" ind2=" " ind1=" ">
      <subfield code="a">DISEASES::Nervous System Diseases::Central Nervous System Diseases::Brain Diseases::Cerebrovascular Disorders::Stroke</subfield>
   </datafield>
   <datafield tag="653" ind2=" " ind1=" ">
      <subfield code="a">HEALTH CARE::Health Care Economics and Organizations::Economics::Costs and Cost Analysis::Cost of Illness</subfield>
   </datafield>
   <datafield tag="653" ind2=" " ind1=" ">
      <subfield code="a">ENFERMEDADES::enfermedades del sistema nervioso::enfermedades del sistema nervioso central::enfermedades cerebrales::trastornos cerebrovasculares::accidente cerebrovascular</subfield>
   </datafield>
   <datafield tag="653" ind2=" " ind1=" ">
      <subfield code="a">ATENCIÓN DE SALUD::economía y organizaciones para la atención de la salud::economía::costes y análisis de costes::coste de las enfermedades</subfield>
   </datafield>
   <datafield ind2="0" ind1="0" tag="245">
      <subfield code="a">A Systematic Literature Review on the Burden of Disease for Patients With Moderate to Severe Acute Ischemic Stroke</subfield>
   </datafield>
</record></metadata></record></GetRecord></OAI-PMH>